00783cam a22002297a 4500003000500000005001700005008004100022010001000063011001000073035001000083040000900093100003000102245013900132260004100271300002100312502007500333650003800408650003000446650002900476650002600505650002200531CHAP20220329141846.0980313d1990 mx r 00110 spa d a74909 a75881 a85454 cCHAP00aRomano Guerrero, César.10aEvaluación de algunos antibióticos comerciales en el comportamiento y rendimiento en canal de cerdosc/por César Romano Guerrero aChapingo, Méx. :bEl autor,c1990. a76 h. :bcuadros aTesis (Ing. Agr. Esp. en Zootecnia) -- UACH. Departamento de Zootecnia14aAntibioticos en nutricion animal.14aCarne de puerco en canal.14aGanado porcinoxEngorda.14aGanado porcinoxPeso.14aGranjas porcinas.